Det nytter, av Helge Lind [pseud.] Översättning från det norska manuskriptet av Barbro Alving. (Record no. 89930)

MARC details
000 -LEADER
fixed length control field 00632cam a22001931 4500
001 - CONTROL NUMBER
control field sd 44000039
003 - CONTROL NUMBER IDENTIFIER
control field DLC
005 - DATE AND TIME OF LATEST TRANSACTION
control field 20260227112734.0
008 - FIXED-LENGTH DATA ELEMENTS--GENERAL INFORMATION
fixed length control field 080111s1944 sw 000 0 eng
010 ## - LIBRARY OF CONGRESS CONTROL NUMBER
LC control number sd 44000039
040 ## - CATALOGING SOURCE
Original cataloging agency DLC
Transcribing agency DLC
Modifying agency DLC
050 00 - LIBRARY OF CONGRESS CALL NUMBER
Classification number D802. N7
Item number L5
100 1# - MAIN ENTRY--PERSONAL NAME
Personal name Borgen, Johan,
Dates associated with a name 1902-1979.
245 10 - TITLE STATEMENT
Title Det nytter, av Helge Lind [pseud.] Översättning från det norska manuskriptet av Barbro Alving.
260 ## - PUBLICATION, DISTRIBUTION, ETC.
Place of publication, distribution, etc. Stockholm,
Name of publisher, distributor, etc. P.A. Norstedt & söners
Date of publication, distribution, etc. [1944]
300 ## - PHYSICAL DESCRIPTION
Extent 115, [1] p., 1 l.
Dimensions 20 cm.
651 #0 - SUBJECT ADDED ENTRY--GEOGRAPHIC NAME
Geographic name Norway
General subdivision History
Chronological subdivision German occupation, 1940-1945.
700 1# - ADDED ENTRY--PERSONAL NAME
Personal name Alving, Barbro,
Dates associated with a name 1909-
Relator term tr.

No items available.

Powered by Koha